| 000 | 00497nam a22001697a 4500 | ||
|---|---|---|---|
| 003 | DO-SdBNP | ||
| 005 | 20171127115501.0 | ||
| 008 | 171127b 1968 sp | |||| 00| 0 spa d | ||
| 040 |
_aBPMSU _bspa _cBPMSU |
||
| 082 |
_axxxxxx _bxxxxxx |
||
| 245 |
_aMarginalidad en América Latina : _bun ensayo de diagnóstico |
||
| 260 |
_aSantiago de Chile : _bHerder, _c1969. |
||
| 300 |
_a418 p. ; _c22 cm. |
||
| 504 | _aBibliografía : p. 399-413 | ||
| 942 |
_2ddc _cBK |
||
| 945 | _aInvetariado extranjero / 2017 BT | ||
| 999 |
_c13123 _d13123 |
||